000 00313nam a22001337a 4500
008 170316b xxu||||| |||| 00| 0 eng d
020 _a9780781768375
041 _aeng
080 _24TH
_a616.8
100 _a7
101 _aSHM
245 _aUNDERGROUND CLINICAL VIGNETTER/ NEUROLOGY
_cKIM, S.I
942 _2udc
_cBK
999 _c7997
_d7997